Physical geodasy (Record no. 527898)

000 -LEADER
fixed length control field 00343nam a22001457a 4500
003 - CONTROL NUMBER IDENTIFIER
control field NUST
038 ## - RECORD CONTENT LICENSOR
Staff Name M.Ramzan
082 ## - DEWEY DECIMAL CLASSIFICATION NUMBER
Edition number 2nd edition
Classification number 526.1
Author Mark WEL
100 ## - MAIN ENTRY--PERSONAL NAME
Personal name Wellenhof, Bernhard Hofmann
9 (RLIN) 19399
245 ## - TITLE STATEMENT
Title Physical geodasy
250 ## - EDITION STATEMENT
Edition statement 2nd
260 ## - PUBLICATION, DISTRIBUTION, ETC.
Place of publication, distribution, etc. New York
Name of publisher, distributor, etc. Springerwien
Date of publication, distribution, etc. 2006
300 ## - PHYSICAL DESCRIPTION
Extent 403 p,:
Other physical details 25 cm
942 ## - ADDED ENTRY ELEMENTS (KOHA)
Source of classification or shelving scheme
Koha item type Book
Holdings
Withdrawn status Lost status Source of classification or shelving scheme Damaged status Not for loan Permanent Location Current Location Date acquired Total Checkouts Full call number Barcode Date last seen Price effective from Koha item type
          School of Civil and Environmental Engineering (SCEE) School of Civil and Environmental Engineering (SCEE) 08/21/2019   526.1 WEL NIT-10119 08/05/2020 08/21/2019 Book
© 2023 Central Library, National University of Sciences and Technology. All Rights Reserved.